<?xml version='1.0' encoding='UTF-8'?><?xml-stylesheet href='static/style.xsl' type='text/xsl'?><OAI-PMH xmlns="http://www.openarchives.org/OAI/2.0/" xmlns:xsi="http://www.w3.org/2001/XMLSchema-instance" xsi:schemaLocation="http://www.openarchives.org/OAI/2.0/ http://www.openarchives.org/OAI/2.0/OAI-PMH.xsd"><responseDate>2026-04-30T16:39:12Z</responseDate><request verb="GetRecord" identifier="oai:ebiltegia.mondragon.edu:20.500.11984/4188" metadataPrefix="marc">https://ebiltegia.mondragon.edu/oai/request</request><GetRecord><record><header><identifier>oai:ebiltegia.mondragon.edu:20.500.11984/4188</identifier><datestamp>2024-01-04T21:56:54Z</datestamp><setSpec>com_20.500.11984_1736</setSpec><setSpec>com_20.500.11984_1627</setSpec><setSpec>col_20.500.11984_1972</setSpec></header><metadata><record xmlns="http://www.loc.gov/MARC21/slim" xmlns:dcterms="http://purl.org/dc/terms/" xmlns:xsi="http://www.w3.org/2001/XMLSchema-instance" xmlns:doc="http://www.lyncode.com/xoai" xsi:schemaLocation="http://www.loc.gov/MARC21/slim http://www.loc.gov/standards/marcxml/schema/MARC21slim.xsd">
   <leader>00925njm 22002777a 4500</leader>
   <datafield ind2=" " ind1=" " tag="042">
      <subfield code="a">dc</subfield>
   </datafield>
   <datafield ind2=" " ind1=" " tag="720">
      <subfield code="a">Mondragon Unibertsitatea</subfield>
      <subfield code="e">author</subfield>
   </datafield>
   <datafield ind2=" " ind1=" " tag="260">
      <subfield code="c">2015-02-23</subfield>
   </datafield>
   <datafield ind2=" " ind1=" " tag="520">
      <subfield code="a">Datorren martxoaren 14an, fakultateko ikasle ohien topaketa egingo du Humanitate eta Hezkuntza Zientzien Fakultateak. MUkide MONDRAGON UNIBERTSITATEAren ikale ohien elkarteak antolatzen duen bilkuran elkartuko dira 2004-2005 ikasturtean ikasketak bukatutako ikasleak, alegia, orain 10 urten lizentziatutakoen belaunaldikoak. Ikasturte horietakoekin batera, gainera, ekitaldian parte hartuko dute 1997-1998, 1998-1999 eta 1999-2000 ikasturteetako agresatuak. Ekitaldia goizeko 11:00etan hasiko da Eskoriatzako campusean.</subfield>
   </datafield>
   <datafield ind2=" " ind1=" " tag="520">
      <subfield code="a">El próximo día 14 de marzo se celebrará en la Facultad de Humanidades y Ciencias de la Educación el segundo encuentro de exalumnos y exalumnas de la facultad. En el encuentro, organizado por MUkide la asociación de antiguos alumnos y alumnas de MONDRAGON UNIBERTSITATEA, se congregarán exalumnos/as licenciados en el curso 2004-2005. Junto a los de esa promoción, también se darán cita los estudiantes egresados en los cursos académicos 1997-1998, 1998-1999 y 1999-2000. El encuentro se llevará a cabo en el campus de Eskoriatza y comenzará a las 11:00.</subfield>
   </datafield>
   <datafield ind1="8" ind2=" " tag="024">
      <subfield code="a">https://hdl.handle.net/20.500.11984/4188</subfield>
   </datafield>
   <datafield tag="653" ind2=" " ind1=" ">
      <subfield code="a">Humanitate eta Hezkuntza Zientzien Fakultatea</subfield>
   </datafield>
   <datafield ind2="0" ind1="0" tag="245">
      <subfield code="a">Dena prest, martxoaren 14an, ikasle ohien bisita jasotzeko fakultatean</subfield>
   </datafield>
   <datafield ind2="0" ind1="0" tag="245">
      <subfield code="a">Todo listo para el encuentro de exalumno y exalumnas del día 14 de marzo</subfield>
   </datafield>
</record></metadata></record></GetRecord></OAI-PMH>